LEADER 01396nam a2200253 4500 001 000000356774 003 CaOOAMICUS 005 20260402120850.0 008 240116s2013 xxua 000 u eng r 040 $aSeMil$bita 100 1 $aRenesto, Silvio.$0(OLS)http://semarc/name/118951 245 10$aMiddle Triassic vertebrate remains from Rasa Village (Varese, Northern Italy) /$cSilvio Renesto, Vittorio Pieroni. 264 1$a[S.l. :$bs.n.],$c2013. 300 $aP. 485-488 :$bill. ;$c30 cm 500 $aEstratto da: The Triassic system. New Mexico Museum of Natural history and science, edited by Lawrence H. Tanner, Justin A. Spielmann and Spencer G. Lucas, in "New Mexico Museum of Natural History and Science ? Bulletin", 61, 2013, pp. 485-488. 650 4$aVertebrati - Triassico - Paleontologia.$0(OLS)http://semarc/subject/54944 650 4$aVarese - Rasa di Varese - Paleontologia.$0(OLS)http://semarc/subject/54717 700 1 $aPieroni, Vittorio,$d<1971- >.$0(OLS)http://semarc/name/56118 850 $aSeMil 852 $aSeMil$W1$xVenegono$y1$m5B XI 8/37$j245591$B247959$CSeMilBibl$Z2$F247959 $81 961 $aPieroni, Vittorio - Omaggio 996 $6245$aMiddle Triassic vertebrate remains from Rasa Village (Varese, Northern Italy)$9(OLS)http://semarc/title/447022 996 $6264$a[S.l. :$bs.n.]$9(OLS)http://semarc/publisher/29751